000
00313nam a2200133Ia 4500
005
20251222144914.0
008
251222s9999||||xx |||||||||||||| ||spa||
020
_a
84-493-1300-7
082
_a
415/B24
100
_a
Barthes,Roland
245
0
_a
Variaciones sobre la Escritura
264
_b
Paidós
942
_c
LIB
999
_c
22463
_d
22463